| 000 -LEADER | |
|---|---|
| fixed length control field | 00455nam a22001817a 4500 |
| 005 - DATE AND TIME OF LATEST TRANSACTION | |
| control field | 20210904120818.0 |
| 008 - FIXED-LENGTH DATA ELEMENTS--GENERAL INFORMATION | |
| fixed length control field | 200608b xxu||||| |||| 00| 0 eng d |
| 020 ## - INTERNATIONAL STANDARD BOOK NUMBER | |
| ISBN | 9789388437264 |
| 041 ## - LANGUAGE CODE | |
| Language code of text/sound track or separate title | eng |
| 082 ## - DEWEY DECIMAL CLASSIFICATION NUMBER | |
| Classification number | 344.5409 |
| 100 ## - MAIN ENTRY--AUTHOR NAME | |
| Personal name | MYNENI, DR. S.R |
| 245 ## - TITLE STATEMENT | |
| Title | LEGAL LANGUAGE AND LEGALWRITING (ENGLISH FOR LAW) |
| 250 ## - EDITION STATEMENT | |
| Edition statement | 2ND ED. 2019 |
| 260 ## - PUBLICATION, DISTRIBUTION, ETC. (IMPRINT) | |
| Place of publication | HYDERABAD |
| Name of publisher | ASIA LAW HOUSE |
| 300 ## - PHYSICAL DESCRIPTION | |
| Number of Pages | 574;p |
| 650 ## - SUBJECT ADDED ENTRY--TOPICAL TERM | |
| Topical Term | LAW |
| 942 ## - ADDED ENTRY ELEMENTS (KOHA) | |
| Koha item type | Books |
| Lost status | Damaged status | Collection code | Home library | Current library | Shelving location | Date acquired | Source of acquisition | Cost, normal purchase price | Full call number | Accession Number | Koha item type |
|---|---|---|---|---|---|---|---|---|---|---|---|
| Reference | JRU Library | JRU Library | SHELF-30-B | 20/06/2020 | PURCHESS | 495.00 | 344.5409 | 24928 | Books |